Normal view MARC view

Entry Personal Name

Number of records used in: 2

001 - CONTROL NUMBER

  • control field: 236053

003 - CONTROL NUMBER IDENTIFIER

  • control field: OSt

005 - DATE AND TIME OF LATEST TRANSACTION

  • control field: 20220925170155.0

008 - FIXED-LENGTH DATA ELEMENTS

  • fixed length control field: 220925|| aca||aabn | a|a d

040 ## - CATALOGING SOURCE

  • Original cataloging agency: OSt
  • Transcribing agency: OSt

100 ## - HEADING--PERSONAL NAME

  • Personal name: AUSTRALIA, CENSUS AND STAISTICS (Commonwealth Bureau of-)

670 ## - SOURCE DATA FOUND

  • Source citation: Work cat.: (OSt)479484: AUSTRALIA, CENSUS AND STAISTICS (Commonwealth Bureau of-) 236052, The Australian balance of payment 1928-29 to 1948-49, 1950
Copyright @ Delhi University Library System